Normal view
MARC view
- Ivy, Diana K.
Entry Personal Name
001 - CONTROL NUMBER
- control field: 29501
003 - CONTROL NUMBER IDENTIFIER
- control field: NUST
005 - DATE AND TIME OF LATEST TRANSACTION
- control field: 20200827102404.0
008 - FIXED-LENGTH DATA ELEMENTS
- fixed length control field: 200827|| aca||aabn | a|a d
040 ## - CATALOGING SOURCE
- Original cataloging agency: NUST
- Transcribing agency: NUST
100 ## - HEADING--PERSONAL NAME
- Personal name: Ivy, Diana K.
670 ## - SOURCE DATA FOUND
- Source citation: Work cat.: (NUST)0: Beebe, Steven A., 1950- 29499, Communication :
